00250nam a2200109Ia 4500008004100000082001100041082000800052245002900060245002100089260002100110300000900131231017s9999 xx 000 0 und d a633.10 bVAC 0aIdentity preserved grain 0cKimberlay vachal bKimberlay vachal c30cm